Elements of Design Engineering / (Record no. 182711)
[ view plain ]
| 000 -LEADER | |
|---|---|
| fixed length control field | 00926 a2200181 4500 |
| 003 - CONTROL NUMBER IDENTIFIER | |
| control field | Nust |
| 005 - DATE AND TIME OF LATEST TRANSACTION | |
| control field | 20221020100032.0 |
| 020 ## - INTERNATIONAL STANDARD BOOK NUMBER | |
| International Standard Book Number | 0471066958 |
| 040 ## - CATALOGING SOURCE | |
| Transcribing agency | Nust |
| 082 ## - DEWEY DECIMAL CLASSIFICATION NUMBER | |
| Classification number | 620.0042,VID |
| 100 ## - MAIN ENTRY--PERSONAL NAME | |
| Personal name | Vidosic,Joseph P |
| 9 (RLIN) | 100917 |
| 245 ## - TITLE STATEMENT | |
| Title | Elements of Design Engineering / |
| Statement of responsibility, etc. | Joseph P Vidosic |
| 260 ## - PUBLICATION, DISTRIBUTION, ETC. | |
| Place of publication, distribution, etc. | New York |
| Name of publisher, distributor, etc. | John Wiley |
| Date of publication, distribution, etc. | 1969 |
| 300 ## - PHYSICAL DESCRIPTION | |
| Extent | 330:p |
| 505 ## - FORMATTED CONTENTS NOTE | |
| Formatted contents note | Design Engineering (Page-3), The Design Process (Page-15), Analysis and Synthesis (Page-30), Decision in Design (Page-49), Creativity (Page-72), Aspects of System Engineering (Page-92), Human factors Engineering (Page-112), Experimentation (Page-134), Reliability Engineering (Page-157), Materials and Processes (Page-179), Design Economics (Page-202), Optimum Design (Page-221), Computers (Page-241), Intellectual Property Protection (Page-271), Engineering Ethics (Page-287). |
| 650 ## - SUBJECT ADDED ENTRY--TOPICAL TERM | |
| Topical term or geographic name entry element | Elements of Design Engineering |
| 9 (RLIN) | 100918 |
| 942 ## - ADDED ENTRY ELEMENTS (KOHA) | |
| Source of classification or shelving scheme | |
| Koha item type | Book |
| Withdrawn status | Lost status | Source of classification or shelving scheme | Damaged status | Not for loan | Permanent Location | Current Location | Shelving location | Date acquired | Full call number | Barcode | Date last seen | Price effective from | Koha item type | Public note |
|---|---|---|---|---|---|---|---|---|---|---|---|---|---|---|
| Military College of Signals (MCS) | Military College of Signals (MCS) | General Stacks | 12/12/2016 | 620.0042,VID | MCS6511 | 12/08/2016 | 12/12/2016 | Book | Almirah No.27, Shelf No.1 | |||||
| Military College of Signals (MCS) | Military College of Signals (MCS) | General Stacks | 12/12/2016 | 620.0042,VID | MCS6512 | 12/08/2016 | 12/12/2016 | Book | Almirah No.27, Shelf No.1 | |||||
| Military College of Signals (MCS) | Military College of Signals (MCS) | 12/12/2016 | 620.0042,VID | MCS6513 | 12/08/2016 | 12/12/2016 | Book | Almirah No.27, Shelf No.1 |
